00402nam a22001457a 4500008004100000020001500041082001700056100001700073245002800090250001200118260005800130300002100188650002900209700001800238210111b ||||| |||| 00| 0 eng d a0074600818 a001.535bRIC aRich, Elaine aArtificial intelligence a2nd Ed. aNew DelhibTata McGraw Hill Publishing Co. Ltd.c2001 axvii, 621p.bPbc aArtificial intelligence  aKnight, Kevin